เปลี่ยนเป็นภาษาไทย

Change to English
 แสดงรายละเอียดบรรณานุกรม
  กลับหน้าหลัก

Brief Record : Get Marc (ISO 2709) : E-mail record : QR code < ปิดหน้าต่าง
mysqli: Table './ulib62015/stat_globaluid' is marked as crashed and should be repaired
select id from stat_globaluid where statuid='20260518004320_698' 
mysqli: Table './ulib62015/stat_globaluid' is marked as crashed and should be repaired
DELETE FROM stat_globaluid
			WHERE id NOT IN (
			  SELECT id
			  FROM (
				SELECT id
				FROM stat_globaluid
				ORDER BY id DESC
				LIMIT 100
			  ) foo
			); 
mysqli: Table './ulib62015/stat_globaluid' is marked as crashed and should be repaired
insert into stat_globaluid set
		statuid='20260518004320_698',
		dt='1779039800',
		phpself='/ULIB62015/dublinfull.php',
		agent='Mozilla/5.0 AppleWebKit/537.36 (KHTML, like Gecko; compatible; ClaudeBot/1.0; +claudebot@anthropic.com)',
		yea='2026',
		mon='5',
		dat='18',
		ip='216.73.216.45'
		
		
mysqli: Table './ulib62015/stathist_viewbib_bib_type' is marked as crashed and should be repaired
insert into stathist_viewbib_bib_type set 
		dat='18' ,
		 mon='05' ,
		  yea='2026' ,
			 statuid='20260518004320_698' ,
			 head='13399122065' ,
			 foot='marc' ,
			 dt='1779039800' 
		
LEADER : 00000nam 2200000uu 4500
001    13399122065
003     ULIB
008    180410s2552||||th 000 0 tha d
050 04 ^aHA29^bด143ส 2552
100 1  ^aดลชาติ ตันติวานิช
245 00 ^aสถิติเบื้องต้น /^cดลชาติ ตันติวานิช
260    ^aกรุงเทพฯ :^bโครงการตำรา คณะวิทยาศาสตร์ สถาบันเทคโนโลยีพระจอมเกล้าเจ้าคุณทหารลาดกระบัง,^c2552.
300    ^a284 หน้า :^bตาราง ;^c29 ซม.
650  4 ^aสถิติ
710 2  ^aสถาบันเทคโนโลยีพระจอมเกล้าเจ้าคุณทหารลาดกระบัง.^bคณะวิทยาศาสตร์.^bสาขาวิชาสถิติประยุกต์.
945    ^p0^l0^i025994
945    ^p0^l0^i025995
945    ^p0^l0^i025996
999    ^a57066
รายการนี้ยังไม่มีแท็ก
คุณยังไม่ได้ล็อกอิน คุณสามารถมีกิจกรรมร่วมกับเว็บไซต์ได้ แต่ต้องล็อกอินก่อน ::
  ล็อกอิน
  One Stop Service : ศูนย์ให้บริการแบบเบ็ดเสร็จ   จัดการหนังสือโปรด   แจ้งรายการบรรณานุกรมผิดพลาด
ลำดับที่ ประเภท เลขเรียก/บาร์โค้ด สถานที่ สถานะ
1. หนังสือ
หนังสือ
HA29 ด143ส 2552 ฉ.1 
  Barcode: 025994
หนังสือทั่วไป บนชั้น
  ขอยืม
Note:อภินันทนาการโดย ภาคเวชระเบียน
2. หนังสือ
หนังสือ
HA29 ด143ส 2552 ฉ.2 
  Barcode: 025995
หนังสือทั่วไป บนชั้น
  ขอยืม
Note:อภินันทนาการโดย ภาคเวชระเบียน
3. หนังสือ
หนังสือ
HA29 ด143ส 2552 ฉ.3 
  Barcode: 025996
หนังสือทั่วไป บนชั้น
  ขอยืม
Note:อภินันทนาการโดย ภาคเวชระเบียน

รายการใกล้เคียง
    ผู้แต่ง [ดลชาติ ตันติวานิช]

    หัวเรื่อง [สถิติ]

BibComment


ยังไม่เคยถูกคอมเมนท์

คอมเมนท์ทรัพยากรรายการนี้
  คอมเมนท์: สถิติเบื้องต้น ..
Bib 13399122065

 
 
 

 Union Library Management : ULibM
Copyright 2026. All Rights Reserved.